000 00611nam a2200193Ia 4500
005 20250508162313.0
008 008 250505s9999 xx 000 0 eng d
037 _aTextual
040 _aFEDL
_beng
_cFEDL
041 _aeng
_2eng
084 _a372, VEN
_qFEDL
100 _aVenkatasubramanian K
245 0 _aWastage in primary education: The problem in general and with special reference to Tamil Nadu, India
260 _aBombay, India
_bOrient Longman Pvt. Ltd.
_c1978
300 _aviii,86p.
650 _aElementary Education
942 _cTEXL
_h372, VEN
999 _c1375717
_d1375717